| 000 | 00603nam a2200241 a 4500 | ||
|---|---|---|---|
| 001 | nice12345678 | ||
| 003 | IN_TiNIC | ||
| 005 | 20260116011736.0 | ||
| 008 | 050524s1974 hyda grp 000 0 urd | ||
| 020 |
_a _c3 |
||
| 082 | 0 | 0 |
_a244 _bTAL |
| 100 | _aTalib, Shah Abadi | ||
| 245 | _aUjalon Ke Badal, Collection of Religious Dramas | ||
| 260 |
_aHyderabad _bHenry Martyn Institute _c1974 |
||
| 300 | _a192p | ||
| 500 | _aincludes index and biblioraphy | ||
| 505 | 2 | _aAppendix | |
| 650 | _aChristian-Drama | ||
| 700 | 1 | _aTalib, Shah Abadi | |
| 902 | _bSRS | ||
| 942 | _cBK | ||
| 999 |
_c3623 _d3623 |
||